[Event "Dortmund Sparkassen op 47th"]
[Site "Dortmund"]
[Date "2019.07.14"]
[Round "2"]
[White "Meinschien, Finn"]
[Black "Guenther, Lars"]
[Result "0-1"]
[WhiteElo "1908"]
[BlackElo "2114"]
[PlyCount "58"]
[EventDate "2019.07.13"]
[EventType "swiss"]
[EventRounds "9"]
[EventCountry "GER"]
[SourceTitle "EXT 2020"]
[Source "ChessBase"]
[SourceDate "2019.10.17"]
[SourceVersion "1"]
[SourceVersionDate "2019.10.17"]
[SourceQuality "1"]

1. e4 Nf6 2. e5 Nd5 3. d4 d6 4. c4 Nb6 5. exd6 cxd6 6. Nc3 g6 7. a4 Bg7 8. a5 N6d7 9. Ra3 e5 10. Nf3 0-0 11. Be2 Nc6 12. d5 Ne7 13. b4 f5 14. Be3 f4 15. Bc1 Nf6 16. Ng5 Nf5 17. Nge4 Nd4 18. Bb2 Bf5 19. Bd3 Rc8 20. Qc1 f3 21. g3 Bxe4 22. Nxe4 Nxd5 23. Bxd4 exd4 24. Qd2 Nc3 25. Nxc3 dxc3 26. Qc1 Re8+ 27. Kd1 d5 28. c5 Qf6 29. Kc2 Qd4 0-1

[Event "Dortmund Sparkassen op-B"]
[Site "Dortmund"]
[Date "2014.07.13"]
[Round "2"]
[White "Tuscher, Albin"]
[Black "Meinschien, Finn"]
[Result "1/2-1/2"]
[WhiteElo "1595"]
[BlackElo "1332"]
[PlyCount "66"]
[EventDate "2014.07.12"]
[EventType "swiss"]
[EventRounds "9"]
[EventCountry "GER"]
[SourceTitle "EXT 2022"]
[Source "ChessBase"]
[SourceDate "2021.10.06"]
[SourceVersion "1"]
[SourceVersionDate "2021.10.06"]
[SourceQuality "1"]

1. e4 c5 2. Nf3 d6 3. d4 cxd4 4. Nxd4 Nf6 5. Nc3 g6 6. Be2 Bg7 7. 0-0 Bd7 8. Be3 Nc6 9. Kh1 0-0 10. f4 Rc8 11. Bf3 a6 12. Qd2 Bg4 13. Rad1 Qd7 14. Nb3 Bxf3 15. gxf3 Qh3 16. Qf2 Rfd8 17. Rd2 Nh5 18. Rg1 Bf6 19. a3 Bh4 20. Qg2 Ng3+ 21. Qxg3 Bxg3 22. Rxg3 Qd7 23. Nd5 Qe8 24. Bb6 Rd7 25. h4 Kh8 26. h5 gxh5 27. Rh2 f6 28. Rgh3 Qg6 29. Rxh5 Rf8 30. f5 Qg7 31. f4 Rf7 32. Rg2 Qf8 33. Nc7 Qb8 1/2-1/2

[Event "GER-ch U10"]
[Site "Magdeburg"]
[Date "2014.06.14"]
[Round "11"]
[White "Ziegenfuss, Antonia"]
[Black "Meinschien, Finn"]
[Result "1-0"]
[WhiteElo "1442"]
[BlackElo "1300"]
[PlyCount "111"]
[EventDate "2014.06.08"]
[EventType "swiss"]
[EventRounds "11"]
[EventCountry "GER"]
[SourceTitle "CBM 160 Extra"]
[Source "ChessBase"]
[SourceDate "2014.07.01"]
[SourceVersion "1"]
[SourceVersionDate "2014.07.01"]
[SourceQuality "1"]

1. e4 e5 2. Nc3 Bc5 3. Bc4 Nf6 4. d3 d6 5. f4 Nc6 6. Nf3 Bd7 7. Na4 Bb6 8. Nxb6 axb6 9. 0-0 0-0 10. fxe5 dxe5 11. Qe1 Na5 12. Nxe5 Nxc4 13. Nxc4 Be6 14. Ne3 Qd4 15. Kh1 Bxa2 16. Nf5 Qd7 17. Qg3 g6 18. Qg5 Nh5 19. b3 f6 20. Qg4 Kh8 21. Qh4 gxf5 22. Qxh5 fxe4 23. Bb2 Qg7 24. dxe4 Kg8 25. Rf3 Kh8 26. e5 Rad8 27. exf6 Qf7 28. Rh3 Kg8 29. Qg4+ Qg6 30. Qxg6+ hxg6 31. g3 Ra8 32. Re1 Rfe8 33. Rh8+ Kf7 34. Rhxe8 Rxe8 35. Rxe8 Kxe8 36. Kg2 Bb1 37. c4 Bc2 38. b4 Bb3 39. c5 bxc5 40. bxc5 b6 41. cxb6 cxb6 42. Kf3 Kf7 43. Kf4 b5 44. Kg5 Be6 45. h4 Bb3 46. g4 Bc2 47. h5 gxh5 48. Kxh5 Kg8 49. g5 Bb3 50. g6 Bc4 51. Kg5 Be6 52. Kf4 b4 53. Ke5 Bd7 54. f7+ Kf8 55. Kf6 Be8 56. g7# 1-0